Montana Basketball: Top 10 All-Time Leaders - Statistics

General Stats
  • This quiz has been taken 14 times
    5 since last reset
  • The average score is 28 of 90
Answer Stats
Category # Player Amount % Correct
Points 1 Larry Krystkowiak 2,017
100%
Rebounds 1 Larry Krystkowiak 1,105
100%
Field Goal Percent 4 Larry Krystkowiak 56.1%
100%
Points Per Game 5 Larry Krystkowiak 16.8
100%
Points 2 Michael Ray Richardson 1,827
100%
Field Goal Percent 8 Michael Ray Richardson 49.0%
100%
Points Per Game 4 Michael Ray Richardson 17.1
100%
Points Per Game 7 Aanen Moody 16.5
67%
Points 6 Ahmaad Rorie 1,654
67%
Assists 8 Ahmaad Rorie 364
67%
Three Pointers Made 10 Ahmaad Rorie 185
67%
Points Per Game 6 Ahmaad Rorie 16.5
67%
Points Per Game 1 Anthony Johnson 18.4
67%
Games T9 Brandon Whitney 122
67%
Points 3 Sayeed Pridgett 1,679
67%
Steals 5 Sayeed Pridgett 142
67%
Field Goal Percent 7 Sayeed Pridgett 53.0%
67%
Games 5 Sayeed Pridgett 131
67%
Assists 1 Travis DeCuire 435
67%
Points 9 Wayne Tinkle 1,500
67%
Rebounds 4 Wayne Tinkle 836
67%
Blocks 10 Wayne Tinkle 72
67%
Field Goal Percent 5 Wayne Tinkle 53.9%
67%
Points 10 Will Cherry 1,484
67%
Assists 5 Will Cherry 397
67%
Steals 1 Will Cherry 265
67%
Games T2 Bobby Moorehead 134
33%
Three Pointers Made 4 Brandon Gfeller 203
33%
Games 7 Brandon Gfeller 125
33%
Steals 4 Chris Spoja 151
33%
Steals 9 Delvon Anderson 123
33%
Blocks 7 Derek Selvig 83
33%
Assists 10 Doug Selvig 361
33%
Three Pointers Made 7 Jordan Gregory 192
33%
Rebounds 10 Josh Bannan 693
33%
Field Goal Percent 9 Josh Bannan 48.7%
33%
Assists 7 J.R. Camel 365
33%
Steals 2 J.R. Camel 215
33%
Points 4 Kareem Jamar 1,673
33%
Assists 4 Kareem Jamar 407
33%
Rebounds 3 Ken McKenzie 859
33%
Field Goal Percent 10 Ken McKenzie 48.6%
33%
Points Per Game 8 Ken McKenzie 16.3
33%
Points 5 Kevin Criswell 1,663
33%
Steals 6 Kevin Criswell 137
33%
Three Pointers Made 1 Kevin Criswell 218
33%
Points Per Game 3 Matt Williams 17.2
33%
Points 7 Michael Oguine 1,647
33%
Steals 3 Michael Oguine 160
33%
Games 6 Michael Oguine 127
33%
Assists 9 Roger Fasting 363
33%
Assists 3 Scott Zanon 411
33%
Points 8 Andrew Strait 1,617
0%
Rebounds 8 Andrew Strait 721
0%
Blocks 6 Andrew Strait 89
0%
Field Goal Percent 1 Andrew Strait 61.4%
0%
Rebounds 7 Brian Qvale 725
0%
Blocks 1 Brian Qvale 247
0%
Blocks 8 Craig Larsen 79
0%
Rebounds 2 Daren Engellant 874
0%
Blocks 2 Daren Engellant 212
0%
Field Goal Percent 6 Darren Engellant 53.8%
0%
Three Pointers Made T5 David Bell 196
0%
Points Per Game 10 David Bell 15.6
0%
Field Goal Percent 3 Derrick Pope 57.2%
0%
Steals 8 Fabijan Krslovic 126
0%
Games 4 Fabijan Krslovic 132
0%
Three Pointers Made 8 Jeremy Lake 191
0%
Rebounds 9 Jordan Hasquet 718
0%
Games 8 Jordan Hasquet 123
0%
Steals 7 Josh Vasquez 127
0%
Three Pointers Made T5 Josh Vasquez 196
0%
Games 1 Josh Vasquez 155
0%
Blocks 3 Larry McBride 98
0%
Blocks 9 Mack Anderson 77
0%
Games T2 Mack Anderson 134
0%
Assists 6 Marc Glass 369
0%
Field Goal Percent 2 Martin Breunig 60.7%
0%
Points Per Game 2 Martin Breunig 17.8
0%
Blocks 4 Matt Kempfert 92
0%
Three Pointers Made 2 Matt Martin 214
0%
Games T9 Matt Martin 122
0%
Points Per Game 9 Mike Murray 15.8
0%
Three Pointers Made 9 Mike Warhank 189
0%
Rebounds 6 Russ Sheriff 776
0%
Three Pointers Made 3 Ryan Staudacher 210
0%
Steals 10 Shane Belnap 121
0%
Assists 2 Shane Christensen 431
0%
Rebounds 5 Shawn Samuelson 791
0%
Blocks 5 Shawn Samuelson 90
0%
No matching quizzes found
Score Distribution
Percent of People with Each Score
Percentile by Number Answered
Your Score History
You have not taken this quiz since the last reset